[Event "IECC CL5-2011.12 email"]
[Site "IECC email"]
[Date "2011.08.03"]
[Round "?"]
[White "Erilli, Alp"]
[Black "Barton, George Michael"]
[Result "1-0"]
[WhiteElo "1586"]
[BlackElo "1400"]
[PlyCount "41"]
[EventDate "2011.??.??"]
[EventType "tourn (corr)"]
[EventRounds "4"]
[SourceTitle "Telechess CBM 149"]
[Source "ChessBase"]
[SourceDate "2012.07.17"]
[SourceVersion "1"]
[SourceVersionDate "2012.07.17"]
[SourceQuality "1"]
[WhiteTeam "Turkey"]
[BlackTeam "US of America"]
[WhiteTeamCountry "TUR"]
[BlackTeamCountry "USA"]

1. e4 c5 2. Nc3 Nc6 3. Nf3 g6 4. d4 cxd4 5. Nxd4 Bg7 6. Be3 Nf6 7. Nxc6 bxc6 8. e5 Ng8 9. f4 Nh6 10. Qf3 0-0 11. 0-0-0 Nf5 12. Bf2 Bb7 13. g4 Nh6 14. Bc5 e6 15. Ne4 Kh8 16. g5 Nf5 17. h4 Nxh4 18. Rxh4 a5 19. Nf6 Bxf6 20. gxf6 Kg8 21. Qh3 1-0

[Event "IECC CL5-2011.12 email"]
[Site "IECC email"]
[Date "2011.07.29"]
[Round "?"]
[White "Barton, George Michael"]
[Black "Hargreaves, John Richard"]
[Result "0-1"]
[WhiteElo "1385"]
[BlackElo "1580"]
[PlyCount "84"]
[EventDate "2011.??.??"]
[EventType "tourn (corr)"]
[EventRounds "4"]
[SourceTitle "Telechess CBM 149"]
[Source "ChessBase"]
[SourceDate "2012.07.17"]
[SourceVersion "1"]
[SourceVersionDate "2012.07.17"]
[SourceQuality "1"]
[WhiteTeam "US of America"]
[BlackTeam "England"]
[WhiteTeamCountry "USA"]
[BlackTeamCountry "ENG"]

1. e4 e5 2. Nf3 Nf6 3. Nxe5 Qe7 4. Nf3 Qxe4+ 5. Be2 Be7 6. Nc3 Qg4 7. 0-0 0-0 8. h3 Qf5 9. d4 Re8 10. Bd3 Qh5 11. Be3 Nc6 12. Re1 Nb4 13. Be2 d6 14. a3 Nbd5 15. Nxd5 Nxd5 16. Bd2 Bf5 17. c4 Nb6 18. d5 Qg6 19. g4 Bf6 20. Bc3 Bxc3 21. bxc3 Bd7 22. Qd2 f6 23. Bd3 Qf7 24. Rxe8+ Rxe8 25. Re1 h5 26. Rxe8+ Qxe8 27. g5 Bxh3 28. gxf6 gxf6 29. Qh6 Qd7 30. Qxh5 Qg7+ 31. Qg6 Qxg6+ 32. Bxg6 Nxc4 33. Kh2 Bd7 34. Nd4 Nxa3 35. Bd3 Kg7 36. Kg3 Kf7 37. Kf4 a5 38. Nc2 Nxc2 39. Bxc2 a4 40. Bb1 c5 41. Ba2 b5 42. Ke4 b4 0-1

[Event "IECC CL5-2011.12 email"]
[Site "IECC email"]
[Date "2011.07.29"]
[Round "?"]
[White "Barton, George Michael"]
[Black "Raba, Yosi"]
[Result "0-1"]
[WhiteElo "1392"]
[BlackElo "1642"]
[PlyCount "84"]
[EventDate "2011.??.??"]
[EventType "tourn (corr)"]
[EventRounds "4"]
[SourceTitle "Telechess CBM 149"]
[Source "ChessBase"]
[SourceDate "2012.07.17"]
[SourceVersion "1"]
[SourceVersionDate "2012.07.17"]
[SourceQuality "1"]
[WhiteTeam "US of America"]
[BlackTeam "Israel"]
[WhiteTeamCountry "USA"]
[BlackTeamCountry "ISR"]

1. e4 e6 2. d4 d5 3. Nc3 Bb4 4. e5 c5 5. Bd2 Nc6 6. Nb5 cxd4 7. Bxb4 Nxb4 8. Nxd4 Ne7 9. a3 Nbc6 10. Ngf3 Qc7 11. Bb5 0-0 12. 0-0 Nxe5 13. Nxe5 Qxe5 14. c3 Qd6 15. Qc2 e5 16. Ne2 a6 17. Ba4 b5 18. Bb3 Bf5 19. Qd2 Bd7 20. Rad1 Bc6 21. Ng3 f5 22. Bc2 f4 23. Ne2 f3 24. Ng3 fxg2 25. Kxg2 Ng6 26. Bxg6 Qxg6 27. f3 Ra7 28. Rf2 Raf7 29. Rdf1 Rf4 30. Qe1 h5 31. Qxe5 h4 32. Qh5 Qf6 33. Kg1 d4 34. cxd4 hxg3 35. hxg3 Bxf3 36. Qh2 Rf5 37. Qh4 g5 38. Qh2 Qxd4 39. b3 Bc6 40. Qh5 R8f6 41. a4 Rxf2 42. Qxg5+ Kf8 0-1